| 000 -LEADER |
| fixed length control field |
00736cam a22001817a 4500 |
| 008 - FIXED-LENGTH DATA ELEMENTS--GENERAL INFORMATION |
| fixed length control field |
180718b1996 xxu||||| |||| 00| 0 eng d |
| 020 ## - INTERNATIONAL STANDARD BOOK NUMBER |
| International Standard Book Number |
9840513613 |
| 082 ## - DEWEY DECIMAL CLASSIFICATION NUMBER |
| Classification number |
D4 M892 |
| 100 ## - MAIN ENTRY--PERSONAL NAME |
| Personal name |
Muhith, A.M.A. |
| 245 ## - TITLE STATEMENT |
| Title |
American response to Bangladesh liberation war |
| Statement of responsibility, etc. |
by A.M.A. Muhith |
| 260 ## - PUBLICATION, DISTRIBUTION, ETC. |
| Place of publication, distribution, etc. |
Dhaka |
| Name of publisher, distributor, etc. |
University Press |
| Date of publication, distribution, etc. |
1996 |
| 300 ## - PHYSICAL DESCRIPTION |
| Extent |
499p. |
| 650 ## - SUBJECT ADDED ENTRY--TOPICAL TERM |
| Topical term or geographic name entry element |
United States --Politics and government --1969-1974 --Sources |
| 650 ## - SUBJECT ADDED ENTRY--TOPICAL TERM |
| Topical term or geographic name entry element |
Bangladesh --Foreign relations --United States --Sources |
| 650 ## - SUBJECT ADDED ENTRY--TOPICAL TERM |
| Topical term or geographic name entry element |
United States --Foreign relations --Bangladesh --Sources |
| 650 ## - SUBJECT ADDED ENTRY--TOPICAL TERM |
| Topical term or geographic name entry element |
Bangladesh --History --Revolution, 1971 --Causes --Sources |
| 650 ## - SUBJECT ADDED ENTRY--TOPICAL TERM |
| Topical term or geographic name entry element |
Bengali (South Asian people) --United States --Politics and government --Sources |